000 00477nam a2200157Ia 4500
003 GCL
008 140319s9999 xx 000 0 eng d
040 _aGCL /
_cGCL
082 0 4 _a892.7
_bV
100 1 _aACCADEMIA NATIONALE DEI LINCEI
245 1 0 _aTAUOLA ROTONDA SUL TEMA : CRISTIANESIMA E ISLAMISMO /
_cACCADEMIA NATIONALE DEI LINCEI
260 _a[S.N] :
_bACCADEMIA NAZIONALE DEI LINCEI ،
_c1974
300 _a212 P
650 0 4 _aISLAM - CHRISTIANITY
942 _2ddc
_cBK
999 _c12464
_d12464